First U.S. States - Sudden Death - Statistics

General Stats
  • This quiz has been taken 1,439 times
  • The average score is 10 of 25
Answers on the Grid
Answers color-coded by a green-red scale on the quiz's grid according to % correct below.
Alabama
Alaska
Arizona
Arkansas
California
Colorado
Connecticut
Delaware
Florida
Georgia
Hawaii
Idaho
Illinois
Indiana
Iowa
Kansas
Kentucky
Louisiana
Maine
Maryland
Massachusetts
Michigan
Minnesota
Mississippi
Missouri
Montana
Nebraska
Nevada
New Hampshire
New Jersey
New Mexico
New York
North Carolina
North Dakota
Ohio
Oklahoma
Oregon
Pennsylvania
Rhode Island
South Carolina
South Dakota
Tennessee
Texas
Utah
Vermont
Virginia
Washington
West Virginia
Wisconsin
Wyoming
 
Answer Stats
Answer % Correct
Delaware
68%
Connecticut
63%
New York
59%
Massachusetts
54%
Pennsylvania
52%
Virginia
52%
Maryland
51%
Georgia
50%
New Jersey
50%
New Hampshire
49%
Rhode Island
46%
North Carolina
44%
Vermont
44%
South Carolina
43%
Maine
42%
Alabama
36%
Ohio
30%
Kentucky
24%
Tennessee
21%
Illinois
18%
Indiana
17%
Louisiana
14%
Mississippi
12%
Arkansas
9%
Missouri
7%
No matching quizzes found
Score Distribution
Percent of People with Each Score
Percentile by Number Answered
Your Score History
You have not taken this quiz